The 'C' Movies Quiz Stats

Quiz Updated Dec 13, 2017

Also try: The 'B' Movies
Challenge
Share
Tweet
Score 0/24 Timer 08:00
8 Plays Today
% Correct
The Curious Case of Benjamin Button
83.1%
The Cable Guy
73.2%
The Crow
67.6%
The Chronicles of Narnia: The Lion, the Witch and the Wardrobe
64.5%
The Croods
64%
The Cabin in the Woods
59%
The Color Purple
52.1%
The Color of Money
45.7%
The Crucible
39.9%
The Craft
37%
The Campaign
33.9%
The Client
33.3%
% Correct
The Conjuring
29.9%
The Cannonball Run
27.6%
The Count of Monte Cristo
26.4%
The Change-Up
24.8%
The Cider House Rules
23.8%
The Commitments
19.1%
The China Syndrome
19.1%
The Cell
18.9%
The Crying Game
18%
The Conversation
17.7%
The Cooler
17.4%
The Constant Gardener
16.9%

You're not logged in!

Compare scores with friends on all Sporcle quizzes.
Sign Up with Email
OR
Log In

You Might Also Like...

Show Comments

Extras

Top Quizzes Today


Score Distribution

Your Account Isn't Verified!

In order to create a playlist on Sporcle, you need to verify the email address you used during registration. Go to your Sporcle Settings to finish the process.

Report this User

Report this user for behavior that violates our Community Guidelines.

Details: